| 000 | 00900nam a2200253 i 4500 | ||
|---|---|---|---|
| 001 | 15421 | ||
| 003 | ES-MaACL | ||
| 005 | 20240221140357.0 | ||
| 007 | t| | ||
| 008 | 000307s1999 sp ||||1| spa d | ||
| 020 | _a84-95199-48-3 | ||
| 080 | _a(038)=134.2=112.2 | ||
| 100 | 1 |
_aMüller, Heinz. _984128 |
|
| 245 | 1 | 0 |
_aCompact diccionario alemán _b: sección I español-alemán / _cHeinz Müller, Günther Haensch ; revisado y actualiado por Günther Haensch. |
| 260 |
_aBarcelona : _bOceano, _c[1999] |
||
| 300 |
_a639 p. ; _c25 cm. |
||
| 500 | _aOceano Langenscheidt. | ||
| 650 | 1 | 4 |
_aLengua española- _vDiccionarios- _xAlemán. _914138 |
| 650 | 1 | 4 |
_aLengua alemana- _vDiccionarios- _xEspañol. _914082 |
| 700 | 1 |
_aHaensch, Günther. _961426 |
|
| 852 |
_aES-MaACL _jA-15176 _bR.127931 _915781 _cDEPO1 _dOlim: DIC-L 134.2=112.2 com _dOlim: Meseton |
||
| 942 | _2udc | ||
| 999 |
_c15421 _d15421 |
||